000 01391cam a22001934a 4500
005 20250605164406.0
008 250528s ||||||||||||||||||||||||d
035 _a24816
020 _a9789600119756
040 _aGR-AtMCL
_bgre
_dGR-AtMCL
_eAACR2
245 1 _aΓλωσσική Ανάπτυξη / Βρεφική, Παιδική και Εφηβική Ηλικία
260 _bGutenberg,
_c2019
300 _a408
520 _aΠρόλογος, Εισαγωγή, Εννοιολογικοί Προσδιορισμοί, Κρίσιμη και Ευαίσθητη Περίοδος για τη Γλωσσική Ανάπτυξη, Ιστορικές Θεωρητικές Προσεγγίσεις για τη Γλωσσική Ανάπτυξη, Σύγχρονες Θεωρίες για τη Γλωσσική Ανάπτυξη, Μεθοδολογία Έρευνας για τη Μελέτη της Γλωωσικής Ανάπτυξης, Βρεφική και Προσχολική Ηλικία, Σχολική και Εφηβική Ηλικία, Διγγλωσία και Πολυγλωσσία, Η Γλωσσική Ανάπτυξη σε Παιδιά με Εδικές Εκπαιδευτικές Ανάγκες, Γενικό Παράρτημα, Γλωσσάρι, Ευρετήριο Όρων.
700 1 _aΡάλλη, Ασημίνα Μ
_99546
942 _cBK
999 _c9661
_d9661